000 01599cam a2200373 a 4500
001 EDZ0000077653
003 StDuBDS
005 20161031105107.0
006 m||||||||d||||||||
007 cr |||||||||||
008 120418s2010 caua fo| 001|0|eng d
020 _a9781452219615 (ebook) :
_cNo price
040 _aStDuBDS
_beng
_cStDuBDS
_epn
049 _aAlfaisal Main Library
050 0 _aLB2822.8
_b.C54 2010
082 0 4 _a371.207
_223
100 1 _aCheliotes, Linda Gross.
245 1 0 _aCoaching conversations
_h[electronic resource] :
_btransforming your school one conversation at a time /
_cLinda Gross Cheliotes, Marceta Fleming Reilly ; foreword by Dennis Sparks.
260 _aThousand Oaks, Calif. ;
_aLondon :
_bCorwin,
_cc2010.
300 _a1 online resource (xviii, 109 p.) :
_bill.
504 _aIncludes bibliographical references and index.
520 8 _aThis is a basic handbook for school leaders that provides effective coaching conversational techniques to engage and motivate their school communities to work collaboratively toward total school transformation.
521 _aSpecialized.
588 _aDescription based on print version record.
650 0 _aSchool improvement programs.
650 0 _aCommunication in education.
650 0 _aCommunication in management.
655 7 _aElectronic books.
_2local
700 1 _aReilly, Marceta Fleming.
710 2 _aSage eBooks
776 0 8 _iPrint version :
_z9781412981835
856 4 0 _uhttp://ezproxy.alfaisal.edu/login?url=http://sk.sagepub.com/books/coaching-conversations
942 _2lcc
_cEBOOKS
999 _c479211
_d479211